| 000 | 00547nam a2200193Ia 4500 | ||
|---|---|---|---|
| 005 | 20250326143835.0 | ||
| 008 | 250326s9999 xx 000 0 und d | ||
| 020 | _a1-9052-1123-6 | ||
| 037 | _aTextbook | ||
| 040 |
_aFMSL _beng _cFMSL |
||
| 041 |
_aeng _2eng |
||
| 084 |
_aX:8 P7 _qFMSL |
||
| 100 | _aCharan Ram | ||
| 245 | 0 |
_aKnow - how : 8 skills that separate people who perform from those who don't _cCharan Ram |
|
| 260 |
_aUS _bUS, Random House _c2007 |
||
| 300 | _a290p | ||
| 942 |
_cTB _hX:8 P7 |
||
| 999 |
_c1301278 _d1301278 |
||